[Event "Vercelli op"]
[Site "Vercelli"]
[Date "2014.06.15"]
[Round "4"]
[White "Megna, Giuseppe"]
[Black "Borin, Fabio"]
[Result "0-1"]
[WhiteElo "1825"]
[BlackElo "2104"]
[PlyCount "50"]
[EventDate "2014.06.13"]
[EventType "swiss"]
[EventRounds "5"]
[EventCountry "ITA"]
[SourceTitle "EXT 2024"]
[Source "ChessBase"]
[SourceDate "2023.10.10"]
[SourceVersion "1"]
[SourceVersionDate "2023.10.10"]
[SourceQuality "1"]

1. d4 d5 2. c4 dxc4 3. Nc3 e5 4. d5 Nf6 5. e4 b5 6. Nxb5 Nxe4 7. Bxc4 Bc5 8. Nf3 Nxf2 9. Qe2 Nxh1 10. Bg5 f6 11. Bh4 Bd6 12. 0-0-0 0-0 13. Rxh1 Nd7 14. g4 Nb6 15. Bd3 Bxg4 16. Rg1 Qd7 17. h3 Bxf3 18. Qxf3 f5 19. Qh5 e4 20. Nxd6 exd3 21. Nb7 d2+ 22. Kb1 Qxd5 23. Bg5 Qxb7 24. Bh6 Qe4+ 25. Ka1 Qe1+ 0-1

[Event "Ceriano Laghetto op-B 22nd"]
[Site "Ceriano Laghetto"]
[Date "2013.03.03"]
[Round "5"]
[White "Megna, Giuseppe"]
[Black "Cervini, Gian Piero"]
[Result "1/2-1/2"]
[WhiteElo "1855"]
[BlackElo "1781"]
[PlyCount "78"]
[EventDate "2013.03.01"]
[EventType "swiss"]
[EventRounds "5"]
[EventCountry "ITA"]
[SourceTitle "EXT 2024"]
[Source "ChessBase"]
[SourceDate "2023.10.10"]
[SourceVersion "1"]
[SourceVersionDate "2023.10.10"]
[SourceQuality "1"]

1. d4 Nf6 2. c4 g6 3. Nc3 Bg7 4. e4 d6 5. Nf3 0-0 6. Be2 e5 7. d5 c6 8. 0-0 cxd5 9. cxd5 Ne8 10. Ne1 f5 11. f3 f4 12. Nd3 Qg5 13. Nf2 Nd7 14. b3 Ndf6 15. a4 h5 16. a5 h4 17. h3 a6 18. Na4 Bd7 19. Nb6 Rd8 20. Nxd7 Rxd7 21. b4 Nc7 22. Qb3 Rc8 23. Bb2 Nfe8 24. Rfc1 Qd8 25. Rc2 Nb5 26. Bxb5 axb5 27. Rc6 Rdc7 28. Rxc7 Rxc7 29. Rc1 Rxc1+ 30. Bxc1 Qc7 31. Nd3 b6 32. a6 Qa7 33. Qc3 Qxa6 34. Qc6 Kf8 35. Bb2 Qa4 36. Nxe5 dxe5 37. Qxg6 Qxb4 38. Qf5+ Bf6 39. Bxe5 Qe1+ 1/2-1/2

[Event "Monza e Brianza Province-ch"]
[Site "Barlassina"]
[Date "2013.02.??"]
[Round "?"]
[White "Megna, Giuseppe"]
[Black "Ronconi, Fausto"]
[Result "1-0"]
[WhiteElo "1862"]
[BlackElo "1697"]
[PlyCount "63"]
[EventDate "2013.02.01"]
[EventType "swiss"]
[EventRounds "5"]
[EventCountry "ITA"]
[SourceTitle "EXT 2014"]
[Source "ChessBase"]
[SourceDate "2013.11.20"]
[SourceVersion "1"]
[SourceVersionDate "2013.11.20"]
[SourceQuality "1"]

1. d4 d5 2. c4 e6 3. Nf3 Nf6 4. Bg5 Be7 5. Nc3 0-0 6. e3 Nbd7 7. Bd3 dxc4 8. Bxc4 b6 9. Rc1 c5 10. 0-0 Bb7 11. Qe2 Rc8 12. Bb5 Ne4 13. Bf4 Ndf6 14. dxc5 Nxc3 15. bxc3 Rxc5 16. Rfd1 Qc8 17. c4 a6 18. Ba4 Bxf3 19. gxf3 Nd5 20. Bg3 b5 21. Bb3 a5 22. e4 Nb6 23. Bd6 Bxd6 24. Rxd6 Nxc4 25. Bxc4 bxc4 26. Rc3 Qb8 27. Qd2 Qc7 28. f4 h6 29. Qd4 Rc6 30. Rg3 f6 31. Rd7 Qxf4 32. Rgxg7+ 1-0

[Event "Mogliano Veneto op-B 32nd"]
[Site "Mogliano Veneto"]
[Date "2011.04.30"]
[Round "2"]
[White "Perissotto, Mario"]
[Black "Megna, Giuseppe"]
[Result "0-1"]
[WhiteElo "1667"]
[BlackElo "1890"]
[PlyCount "60"]
[EventDate "2011.04.29"]
[EventType "swiss"]
[EventRounds "5"]
[EventCountry "ITA"]
[SourceTitle "EXT 2024"]
[Source "ChessBase"]
[SourceDate "2023.10.10"]
[SourceVersion "1"]
[SourceVersionDate "2023.10.10"]
[SourceQuality "1"]

1. e4 e6 2. d4 d5 3. exd5 exd5 4. Nf3 Bd6 5. Bd3 Ne7 6. 0-0 0-0 7. Re1 Nd7 8. b3 Re8 9. c4 c6 10. Nc3 Nf8 11. Be3 Bg4 12. Bxh7+ Nxh7 13. h3 Bh5 14. g4 Bg6 15. Nh4 Qd7 16. cxd5 Bb4 17. Nxg6 Bxc3 18. Nxe7+ Rxe7 19. dxc6 bxc6 20. Qf3 Bxa1 21. Rxa1 Rae8 22. Rc1 Qd5 23. Qf4 Re6 24. Rc5 Qd6 25. Qf5 Rxe3 26. fxe3 Qg3+ 27. Kf1 Rxe3 28. Rc1 Qxh3+ 29. Kf2 Qg3+ 30. Kf1 Rf3+ 0-1

[Event "Mogliano Veneto op-B 32nd"]
[Site "Mogliano Veneto"]
[Date "2011.04.29"]
[Round "1"]
[White "Megna, Giuseppe"]
[Black "Bortolotto, Denzio"]
[Result "1/2-1/2"]
[WhiteElo "1890"]
[BlackElo "1751"]
[PlyCount "81"]
[EventDate "2011.04.29"]
[EventType "swiss"]
[EventRounds "5"]
[EventCountry "ITA"]
[SourceTitle "EXT 2024"]
[Source "ChessBase"]
[SourceDate "2023.10.10"]
[SourceVersion "1"]
[SourceVersionDate "2023.10.10"]
[SourceQuality "1"]

1. d4 d5 2. c4 c6 3. Nc3 Nf6 4. Nf3 e6 5. Bg5 Be7 6. e3 Nbd7 7. Bd3 dxc4 8. Bxc4 b5 9. Bd3 a6 10. 0-0 Bb7 11. Qe2 c5 12. dxc5 Nxc5 13. Bc2 0-0 14. Rfd1 Qc7 15. Rac1 Bxf3 16. gxf3 Rfd8 17. b4 Rxd1+ 18. Qxd1 Rd8 19. Qe2 Ncd7 20. Nd5 Qd6 21. Nxe7+ Qxe7 22. a3 Ne5 23. f4 Ng6 24. Bxg6 hxg6 25. e4 e5 26. fxe5 Qxe5 27. f4 Qd4+ 28. Kf1 Re8 29. e5 Nd5 30. Qf2 Qd3+ 31. Kg1 Ne3 32. h4 Ng4 33. Qa7 Qd2 34. Rc7 Ne3 35. Qb7 Qe1+ 36. Kh2 Qf2+ 37. Kh3 Qf1+ 38. Kh2 Qe2+ 39. Kh1 Ng4 40. Qg2 Qe1+ 41. Qg1 1/2-1/2